Statystyki dla Tymek - Wszystkie utwory z albumów

Kliknij tutaj aby rozwiązać quiz!

Ogólne statystyki

  • Ten quiz został rozwiązany 108 razy
    (107 od ostatniego zresetowania)
  • Średni wynik to 41 z 101

Statystyki odpowiedzi

Album/Mixtape, ew. FeatWyświetleniaJeśli nie słuchałeś polecam% Poprawnych
Big Scythe156 069 756Język Ciała
95%
95 574 513Poza kontrolą
88%
BIG SCYTHE, DEYS111 375 617ANIOŁY I DEMONY
87%
TRILL PEM, TEDE108 840 991RAINMAN
79%
39 072 595Romans
72%
Wiatr23 016 813Banalne
68%
9 186 330Lekarstwo
67%
NABO NASSIB FONABO23 078 410RADOŚĆ
65%
QRY, FLEXLIKEKEV20 623 362KŁAPIĄ GĘBĄ
64%
PLANBE, OKI17 277 379MILION
64%
Piacevole20 816 18780'
62%
18 206 999Klubowa suka
59%
1 389 137JESTEM
58%
kacperczyk592 515jeziorko
56%
FIT1 474 410JestemTymek
55%
4 497 010Syrop
55%
6 068 092Z ziemi włoskiej do Polski
55%
Bambax7 279 776Amore
54%
Coals4 472 091Beautiful
54%
KIZO, STAMIR6 956 355DIAMENTOWE SERCA
54%
3 629 661Tranquillo
54%
Frosti rege & Pater1 946 792Bajka
53%
Sarius9 806 881POWIETRZE
53%
2 531 541Mare
51%
4 901 383Mimosa
51%
Sarius1 914 753Życie Artysty
51%
Tony Yoru1 818 387Pomarańcze
50%
754 180Beethoven
49%
1 076 741Końcowe napisy
49%
20 166 932SEMANTYKA
49%
1 317 700Deweloper
47%
Klubowe2 398 611Interesy
47%
3 151 245Marilyn Monroe
47%
2 947 005Sophia Loren
47%
5 318 413Tabi
47%
KIZO, SZPAKU7 914 41694'
46%
15 723 111Jedyna
46%
1 659 291Kokaina
46%
1 494 175Kultowe
46%
457 563Myszka Miki
46%
OKI, WAC TOJA2 744 038WOKÓŁ CIENI
46%
pawbeats732 432Język ciała 2020
45%
FROSTI REGE3 339 652TABLETKI
45%
TRILL PEM, WAC TOJA2 034 674CIĄGLE W TRASIE
42%
WAC TOJA3 125 367ECSTASY
42%
Gverilla673 887Hendrix
42%
2 049 009JEDNYM WÓZKIEM
42%
BONSON2 562 066NIEŚMIERTELNOŚĆ
42%
6 534 417Ona
42%
Popularne631 927Pleasure
42%
1 594 994Cielo Blu
41%
571 501Dziecko
41%
379 854Pokemony
41%
SKIP2 167 877CHMURY
40%
Kleszcz440 726Muzyka Łączy Nas
38%
665 040Pa'lante
38%
Lucassi2 066 520Polska Ballada
38%
fejzjestem8 260 645SUKA
38%
3 733 697TOKSYCZNE
38%
Vixen, Daria Ryczek362 17011:11
37%
miły atz, paluch, gverilla, dj decks787 72687bpm
37%
13 876Busy
37%
595 170Frisbee
37%
934 332KLUBOWE 2
37%
233 252After
36%
303 163Haker
36%
1 631 451List do Ciebie
33%
sapi tha king16 166Yin Yang
33%
213 330FOR U
32%
vestige23 987Mrok
32%
358 923PONTON
32%
Kbleax1 645 084Follow
31%
1 020 240Idę
31%
204 582Il diavolo veste Prada
31%
370 318Plastik
31%
10 005Domani
29%
Jerzyk Krzyżyk59 875Nastrój
28%
182 430Bierz
23%
Sono465 349de_train
23%
1 415 375SAMBO
23%
770 433SZTUKA
23%
817 813Inny Niż Każdy
22%
Frank Leen, Lucassi32 799PLIKIFORSEN
22%
Lucassi, Natalia Grosiak96 209BROŃ CZERWONA
21%
198848 358MUUD
21%
220 239NIEZNANE
21%
JestemTymek130 758Początek
21%
Szczyl117 374WSZYSTKO OK
21%
37 466Droga
19%
48 425Kresbez
18%
2878AEIOU | ACAPULCO
17%
11 936Falapary
17%
369 914Wachlarz
17%
ODRODZENIE, Urbański70 023Deszcz
15%
84 374"Yeah"
15%
Seven Phoenix163 998ANAKAO
14%
108 812Zachwyt
14%
51 457Bliżej Do Sedna
13%
48 425Bywam ludzki
12%
Vito Bambino134 411LATE NIGHT
12%
13 805Podążaj
12%

Rozkład punktacji

Percentyl według liczby udzielonych odpowiedzi

Procent ludzi z każdym wynikiem

Twoja historia wyników

Nie rozwiązałeś tego quizu od ostatniego zresetowania